Central Library OPAC University of Rajshahi

Interest representation in Soviet policymaking : (Record no. 54407)

MARC details
000 -LEADER
fixed length control field 01036nam a2200277 a 4500
001 - CONTROL NUMBER
control field 54407
003 - CONTROL NUMBER IDENTIFIER
rucl marc code BD-RjUL
005 - DATE AND TIME OF LATEST TRANSACTION
control field 20211209080121.0
008 - FIXED-LENGTH DATA ELEMENTS--GENERAL INFORMATION
fixed length control field 161108s1987 e ||||| |||| 00| 0 eng d
020 ## - INTERNATIONAL STANDARD BOOK NUMBER
International Standard Book Number 0813373174
035 ## - SYSTEM CONTROL NUMBER
System control number (BD-RjUL)54529
040 ## - CATALOGING SOURCE
Original cataloging agency BD-RjUL
Language of cataloging eng
Transcribing agency BD-RjUL
041 ## - LANGUAGE CODE
Language code of text/sound track or separate title eng
082 ## - DEWEY DECIMAL CLASSIFICATION NUMBER
Edition number 23
Classification number 338.272820947
Author mark and year CHI 1987
100 1# - MAIN ENTRY--PERSONAL NAME
Personal name Chung, Han-ku
9 (RLIN) 162886
245 10 - TITLE STATEMENT
Title Interest representation in Soviet policymaking :
Remainder of title a case study of a West Siberian energy coalition /
Statement of responsibility, etc. Han-ku Chung, Foreward by Peter Reddaway
260 ## - PUBLICATION, DISTRIBUTION, ETC. (IMPRINT)
Place of publication, distribution, etc. London :
Name of publisher, distributor, etc. Westview Press,
Date of publication, distribution, etc. 1987.
300 ## - PHYSICAL DESCRIPTION
Pagination xvii, 182 p. ;
Size 20 cm
490 ## - SERIES STATEMENT
Series statement Westview special studies on the Soviet Union and Eastern Europe.
504 ## - BIBLIOGRAPHY, ETC. NOTE
Bibliography, etc Includes Bibliographical References and Index
650 ## - SUBJECT ADDED ENTRY--TOPICAL TERM
Topical term or geographic name as entry element Petroleum industry and trade
Geographic subdivision Siberia, Western
9 (RLIN) 162887
Topical term or geographic name as entry element Government policy
9 (RLIN) 162888
700 ## - ADDED ENTRY--PERSONAL NAME
Personal name Reddaway, Peter
830 ## - SERIES ADDED ENTRY--UNIFORM TITLE
Uniform title Westview special studies on the Soviet Union and Eastern Europe.
942 ## - ADDED ENTRY ELEMENTS (KOHA)
Source of classification or shelving scheme Dewey Decimal Classification
Koha item type Books
Holdings
Lost status Source of classification or shelving scheme Damaged status Not for loan Collection code Permanent Location Current Location Shelving location Date acquired Source of acquisition Total Checkouts Full call number Date last seen Copy number Koha item type
  Dewey Decimal Classification     Non-fiction Central Library, University of Rajshahi Central Library, University of Rajshahi   09/06/1990 Author   338.272820947 CHI 1987 08/11/2016 C-2 Books
  Dewey Decimal Classification     Non-fiction Central Library, University of Rajshahi Central Library, University of Rajshahi   16/03/1989 Asia foundation   338.272820947 CHI 1987 19/12/2016 C-3 Books